NCAA Baseball Final AP Poll - Statistics

General Stats
  • This quiz has been taken 38 times
  • The average score is 19 of 25
Answer Stats
Rank Team % Correct
1 LSU
100%
16 Oregon
100%
5 UCLA
100%
2 Coastal Carolina
94%
10 Tennessee
94%
20 Clemson
91%
24 Miami
91%
9 Florida State
88%
4 Oregon State
88%
13 Auburn
85%
15 Georgia
85%
12 Texas
82%
14 Vanderbilt
79%
3 Arkansas
74%
21 Duke
74%
25 Georgia Tech
74%
18 Ole Miss
74%
6 Louisville
68%
8 UNC
68%
7 Arizona
59%
19 Southern Miss
44%
11 Murray State
41%
17 West Virginia
41%
22 UTSA
29%
23 UC Irvine
26%
No matching quizzes found
Score Distribution
Percent of People with Each Score
Percentile by Number Answered
Your Score History
You have not taken this quiz